000 00275nam a2200133 i 4500
001 bg
245 0 _aVoprosy geofiziki.
250 _aVyp.22.
260 _aLeningrad,
_c1972.
040 _cBPK
041 _apol
942 _cKS
008 s pl f |000 0 pol
999 _c15074
_d15074
856 _uhttp://koha.tu.koszalin.pl/cgi-bin/koha/opac-detail.pl?biblionumber=15074
_yKatalog online BPK